Money into property Asia Pacific 2010 (Record no. 110726)
[ view plain ]
| 000 -LEADER | |
|---|---|
| fixed length control field | 01329cad a22002175a 4500 |
| 001 - CONTROL NUMBER | |
| control field | L150080 |
| 008 - FIXED-LENGTH DATA ELEMENTS--GENERAL INFORMATION | |
| fixed length control field | 100601s2010 xxkd f 000 0 eng d |
| 035 ## - SYSTEM CONTROL NUMBER | |
| System control number | (Sirsi) u150080 |
| 041 0# - LANGUAGE CODE | |
| Language code of text/sound track or separate title | eng |
| 050 04 - LIBRARY OF CONGRESS CALL NUMBER | |
| Classification number | 332.6324 $2 18 |
| 110 2# - MAIN ENTRY--CORPORATE NAME | |
| Corporate name or jurisdiction name as entry element | DTZ Research |
| 9 (RLIN) | 3886 |
| 245 00 - TITLE STATEMENT | |
| Title | Money into property Asia Pacific 2010 |
| Remainder of title | China closing in on top spot |
| Medium | [electronic resource] |
| 260 ## - PUBLICATION, DISTRIBUTION, ETC. | |
| Place of publication, distribution, etc. | London |
| Name of publisher, distributor, etc. | DTZ Research |
| Date of publication, distribution, etc. | 2010 |
| 520 ## - SUMMARY, ETC. | |
| Summary, etc. | Asia Pacific invested stock continued to grow in 2009 by 8% in US dollar terms, topping US$3 trillion for the first time. Whereas global annual investment transaction volumes fell by 35% in 2009, Asia Pacific volumes increased by 34% and surpassed the 2006 level. A 12% increase in Asia Pacific invested stock is forecast for 2010 and transaction volumes in this region are expected to go up. China will become the region's largest property market in 2011, overtaking Japan, and become globally the second biggest market. 80% of Asia Pacific markets are currently trading at or below fair value. |
| 521 ## - TARGET AUDIENCE NOTE | |
| Target audience note | Advanced |
| 590 ## - LOCAL NOTE (RLIN) | |
| Local note | KA |
| 651 #4 - SUBJECT ADDED ENTRY--GEOGRAPHIC NAME | |
| Geographic name | Asia Pacific |
| 690 ## - LOCAL SUBJECT ADDED ENTRY--TOPICAL TERM (OCLC, RLIN) | |
| Topical term or geographic name as entry element | PROPERTY-COMMERCIAL PROPERTY-COMMERCIAL PROPERTY FINANCE AND INVESTMENT |
| 856 40 - ELECTRONIC LOCATION AND ACCESS | |
| Uniform Resource Identifier | <a href="https://www.dtz.com/Global/Research/Money+into+Property+2010+Asia+Pacific">https://www.dtz.com/Global/Research/Money+into+Property+2010+Asia+Pacific</a> |
| Public note | View the report free of charge at www.dtz.com... |
| 942 ## - ADDED ENTRY ELEMENTS (KOHA) | |
| Suppress in OPAC | 0 |
| Withdrawn status | Lost status | Source of classification or shelving scheme | Damaged status | Not for loan | Home library | Current library | Shelving location | Date acquired | Total Checkouts | Full call number | Barcode | Date last seen | Copy number | Price effective from | Koha item type |
|---|---|---|---|---|---|---|---|---|---|---|---|---|---|---|---|
| Dewey Decimal Classification | Virtual | Virtual | Online | 01/06/2010 | ONLINE PUBLICATION | 150080-2001 | 06/08/2019 | 1 | 06/08/2019 | Book |